載入...
Illustrated FoxPro 2.0
| 主要作者: | |
|---|---|
| 格式: | Printed Book |
| 出版: |
New Delhi
BPB Publications
1992
|
| LEADER | 00388nam a22001217a 4500 | ||
|---|---|---|---|
| 082 | |a 004 |b ROB/IL | ||
| 100 | |a Robert Granillo | ||
| 245 | |a Illustrated FoxPro 2.0 | ||
| 260 | |a New Delhi |b BPB Publications |c 1992 | ||
| 300 | |a 519p. | ||
| 942 | |c BK | ||
| 999 | |c 26157 |d 26157 | ||
| 952 | |0 0 |1 0 |4 0 |6 004_000000000000000_ROB_IL |7 0 |8 REF |9 36800 |a KUFOS |b KUFOS |c CC |d 2017-12-20 |o 004 ROB/IL |p G368 |r 2017-12-20 |w 2017-12-20 |y BK | ||